| 000 | 00686nam a2200205 a 4500 | ||
|---|---|---|---|
| 005 | 20210223124422.0 | ||
| 008 | 011003s1998 mx r 000 0 spa d | ||
| 020 | _a9701811305 | ||
| 035 | _aUPN01000112540 | ||
| 049 | _aCG | ||
| 050 | 4 |
_aNE544.3 _bS5.4 |
|
| 100 | 1 |
_aSierra Torre, Aída _935757 |
|
| 245 | 1 | 0 |
_aJosé María Villasana : _bcaricatura política y costumbrista en el siglo XIX / _cAída Sierra Torre. |
| 260 |
_aMéxico : _bCNCA, _c1998. |
||
| 300 | _a29 p., [32] p. de láms. col. | ||
| 440 | 0 | _aCírculo de arte | |
| 600 | 1 | 4 |
_aVILLASANA, JOSE MARIA, _d1848-1904 - _xCRITICA E INTERPRETACION _923199 |
| 651 | 4 |
_aMEXICO - _xHISTORIA - _vCARICATURAS _99908 |
|
| 905 | _aLibro | ||
| 999 |
_c86448 _d86448 |
||